| 000 | 00356 a2200109 4500 | ||
|---|---|---|---|
| 001 | ART_11661 | ||
| 005 | 20260410161859.0 | ||
| 008 | 260409a | ||
| 245 | 1 | 0 | _aEquality, complementarity and the incidence of public expenditures |
| 100 | 1 | _aBruno, Michael | |
| 773 | 0 |
_tJournal of public economics _g- Vol. 6, NÂș 4 (nov. 1976) _wREV11485 |
|
| 999 |
_c25712 _d25712 |
||